[Event "Sachsen-Anhalt-ch op"]
[Site "Magdeburg"]
[Date "2022.10.29"]
[Round "1"]
[White "Doerge, Sven"]
[Black "Vogt, Joerg"]
[Result "1-0"]
[WhiteElo "1943"]
[BlackElo "1638"]
[PlyCount "55"]
[EventDate "2022.10.29"]
[EventType "swiss"]
[EventRounds "7"]
[EventCountry "GER"]
[SourceTitle "CBM 211 Extra"]
[Source "ChessBase"]
[SourceDate "2023.01.31"]
[SourceVersion "1"]
[SourceVersionDate "2023.01.31"]
[SourceQuality "1"]

1. e4 a6 2. d4 b5 3. Bd3 Bb7 4. Nf3 Nf6 5. Nbd2 e6 6. 0-0 c5 7. c3 Nc6 8. dxc5 Bxc5 9. e5 Nd5 10. Ne4 Qc7 11. Nxc5 Nxe5 12. Nxb7 Nxd3 13. Qxd3 Qxb7 14. a4 0-0 15. axb5 axb5 16. Rxa8 Rxa8 17. Nd4 b4 18. c4 Nf6 19. Bg5 Ng4 20. Qe2 f5 21. h3 Nf6 22. Bxf6 gxf6 23. b3 Kf7 24. Nb5 Ke7 25. Qh5 Rf8 26. Qxh7+ Rf7 27. Qxf7+ Kxf7 28. Nd6+ 1-0

[Event "Vellmar op 9th"]
[Site "Vellmar"]
[Date "2017.07.16"]
[Round "6"]
[White "Bajorski, Marius"]
[Black "Doerge, Sven"]
[Result "1/2-1/2"]
[WhiteElo "1896"]
[BlackElo "2000"]
[PlyCount "80"]
[EventDate "2017.07.13"]
[EventType "swiss"]
[EventRounds "7"]
[EventCountry "GER"]
[SourceTitle "CBM 179 Extra"]
[Source "ChessBase"]
[SourceDate "2017.08.23"]
[SourceVersion "1"]
[SourceVersionDate "2017.08.23"]
[SourceQuality "1"]

1. d4 d5 2. Nc3 c6 3. Bf4 Nd7 4. Nf3 e6 5. e3 Ne7 6. Bd3 Ng6 7. Bg3 f5 8. Ne2 Be7 9. Nf4 Ngf8 10. c3 g6 11. Bc2 Bf6 12. Nd3 Qe7 13. Qe2 a5 14. Kd2 Bg7 15. Rhb1 h6 16. b3 Nh7 17. Nfe5 Nxe5 18. Bxe5 0-0 19. Bxg7 Kxg7 20. Rh1 b6 21. Ne5 Qc7 22. g4 Ba6 23. Qe1 Ng5 24. Kc1 Nf7 25. f4 Nxe5 26. dxe5 c5 27. gxf5 gxf5 28. Qh4 Kh7 29. Rg1 d4 30. Qh5 Rg8 31. Bxf5+ exf5 32. Qxf5+ Kh8 33. Qf6+ Rg7 34. Qxh6+ Kg8 35. Rxg7+ Qxg7 36. Qxg7+ Kxg7 37. exd4 cxd4 38. cxd4 Rd8 39. Kc2 Rxd4 40. Rg1+ Kf7 1/2-1/2

[Event "Vellmar op 9th"]
[Site "Vellmar"]
[Date "2017.07.14"]
[Round "2"]
[White "Chandler, Patrick"]
[Black "Doerge, Sven"]
[Result "1/2-1/2"]
[WhiteElo "2206"]
[BlackElo "2000"]
[PlyCount "59"]
[EventDate "2017.07.13"]
[EventType "swiss"]
[EventRounds "7"]
[EventCountry "GER"]
[SourceTitle "CBM 179 Extra"]
[Source "ChessBase"]
[SourceDate "2017.08.23"]
[SourceVersion "1"]
[SourceVersionDate "2017.08.23"]
[SourceQuality "1"]

1. e4 e5 2. Nf3 Nc6 3. d4 exd4 4. Nxd4 Bc5 5. Be3 Qe7 6. Nc3 Nxd4 7. Bxd4 Nf6 8. Bxc5 Qxc5 9. Qd2 d6 10. Bd3 Bd7 11. f3 0-0-0 12. Qf2 Qxf2+ 13. Kxf2 Rhe8 14. Rhe1 c6 15. b4 Kc7 16. a4 Re5 17. f4 Rh5 18. h3 g5 19. e5 dxe5 20. fxe5 Nd5 21. Nxd5+ cxd5 22. Be2 Rh4 23. b5 Re4 24. Bd3 Rxe1 25. Rxe1 h5 26. Ke3 d4+ 27. Kd2 Be6 28. Be4 Kb6 29. Kd3 Rd7 30. Bf3 1/2-1/2

[Event "Vellmar op 8th"]
[Site "Vellmar"]
[Date "2016.07.31"]
[Round "6"]
[White "Doerge, Sven"]
[Black "Pubantz, Jan"]
[Result "1-0"]
[WhiteElo "2039"]
[BlackElo "1723"]
[PlyCount "57"]
[EventDate "2016.07.28"]
[EventType "swiss"]
[EventRounds "7"]
[EventCountry "GER"]
[SourceTitle "CBM 173 Extra"]
[Source "ChessBase"]
[SourceDate "2016.08.29"]
[SourceVersion "1"]
[SourceVersionDate "2016.08.29"]
[SourceQuality "1"]

1. e4 g6 2. d4 Bg7 3. c3 d6 4. Bg5 Nf6 5. Nd2 0-0 6. f4 c5 7. dxc5 dxc5 8. Qc2 Qc7 9. Bc4 h6 10. Bxf6 Bxf6 11. Ne2 Nc6 12. a3 a6 13. 0-0 b5 14. Bd5 e6 15. Ba2 Qb6 16. Ng3 Rd8 17. f5 exf5 18. exf5 g5 19. Nde4 c4+ 20. Kh1 Ne7 21. Rae1 Nd5 22. Bb1 Bb7 23. Nh5 Rac8 24. Nexf6+ Nxf6 25. Re6 fxe6 26. Nxf6+ Kf7 27. fxe6+ Kxe6 28. Qg6 Qc6 29. Nd5+ 1-0

[Event "Wilhelm Werner Memorial-H 31st"]
[Site "Bockenem"]
[Date "2006.05.28"]
[Round "7"]
[White "Soellig, Martin"]
[Black "Doerge, Sven"]
[Result "1/2-1/2"]
[WhiteElo "1908"]
[BlackElo "1904"]
[PlyCount "60"]
[EventDate "2006.05.??"]
[EventType "swiss"]
[EventRounds "7"]
[EventCountry "GER"]
[SourceTitle "EXT 2008"]
[Source "ChessBase"]
[SourceDate "2007.11.25"]
[SourceVersion "1"]
[SourceVersionDate "2007.11.25"]
[SourceQuality "1"]

1. e4 e5 2. Nf3 Nc6 3. Bb5 Nge7 4. 0-0 d6 5. h3 Bd7 6. c3 g6 7. d3 Bg7 8. Be3 f5 9. exf5 Nxf5 10. Nbd2 a6 11. Ba4 h6 12. Re1 Qf6 13. Ne4 Qf8 14. b4 b6 15. c4 a5 16. a3 Qe7 17. Bd2 0-0 18. Nc3 Ncd4 19. Nxd4 Nxd4 20. Nd5 Qf7 21. Bxd7 Qxd7 22. b5 Rf7 23. Ra2 Raf8 24. Be3 Nf5 25. f3 Kh7 26. Bf2 Qd8 27. a4 h5 28. Rae2 Bh6 29. Re4 Qg5 30. Kh2 Ng7 1/2-1/2

[Event "Wilhelm Werner Memorial-H 31st"]
[Site "Bockenem"]
[Date "2006.05.27"]
[Round "5"]
[White "Jacobi, Felix Hagen"]
[Black "Doerge, Sven"]
[Result "0-1"]
[WhiteElo "1896"]
[BlackElo "1904"]
[PlyCount "78"]
[EventDate "2006.05.??"]
[EventType "swiss"]
[EventRounds "7"]
[EventCountry "GER"]
[SourceTitle "EXT 2008"]
[Source "ChessBase"]
[SourceDate "2007.11.25"]
[SourceVersion "1"]
[SourceVersionDate "2007.11.25"]
[SourceQuality "1"]

1. e4 e5 2. Nc3 Bc5 3. Bc4 Nf6 4. d3 c6 5. Bg5 0-0 6. Qd2 b5 7. Bb3 a5 8. a4 b4 9. Nd1 d6 10. Ne3 Be6 11. Nf3 Nbd7 12. h3 Qc7 13. 0-0 Bxb3 14. cxb3 d5 15. Qc2 Bd6 16. Rac1 Rac8 17. Rfd1 d4 18. Nc4 Ne8 19. Nxd6 Qxd6 20. Qc4 c5 21. Nd2 Nb6 22. Qb5 f6 23. Bh4 Rc6 24. Qxa5 Nc7 25. Qa7 Ra8 26. Qb7 Nd7 27. Nc4 Qe6 28. Rc2 Rb8 29. Qa7 Ne8 30. f4 exf4 31. e5 Ra6 32. Qxb8 Nxb8 33. Re1 f5 34. Rf2 h6 35. Bd8 g5 36. h4 Nc6 37. Bb6 Nf6 38. hxg5 hxg5 39. g3 fxg3 0-1

[Event "Niedersachsen-ch"]
[Site "Verden"]
[Date "2004.01.04"]
[Round "6.10"]
[White "Heinemann, Ernst"]
[Black "Doerge, Sven"]
[Result "1/2-1/2"]
[WhiteElo "2167"]
[BlackElo "1905"]
[PlyCount "98"]
[EventDate "2004.01.02"]
[EventType "swiss"]
[EventRounds "7"]
[EventCountry "GER"]
[SourceTitle "EXT 2005"]
[Source "ChessBase"]
[SourceDate "2004.11.15"]
[SourceVersion "1"]
[SourceVersionDate "2004.11.15"]
[SourceQuality "1"]

1. e4 e5 2. Nc3 Bc5 3. Bc4 Nf6 4. d3 c6 5. Qf3 0-0 6. Bg5 Be7 7. h3 d6 8. Nge2 b5 9. Bb3 Na6 10. g4 Nc5 11. Be3 Nxb3 12. axb3 a6 13. Ng3 Ne8 14. Nf5 Bg5 15. Bxg5 Qxg5 16. h4 Qf6 17. b4 Bxf5 18. g5 Bg4 19. Qxg4 Qe6 20. Qxe6 fxe6 21. Ke2 Nc7 22. Nd1 d5 23. Ne3 Rf4 24. f3 Raf8 25. Rh3 Kf7 26. Ng4 Ke7 27. Nxe5 Kd6 28. Ng4 e5 29. Ne3 g6 30. c3 Kd7 31. h5 gxh5 32. Rxh5 Rxf3 33. Rxh7+ Kd8 34. Rh2 Rg3 35. Rh6 Kd7 36. Nf5 Rxg5 37. Rd6+ Kc8 38. Rxc6 dxe4 39. dxe4 Kb7 40. Rh6 Rg2+ 41. Ke3 Rxb2 42. Rg1 Rc2 43. Kd3 Ra2 44. Rgg6 Rd8+ 45. Nd6+ Kb8 46. c4 Rf8 47. Rf6 Rg8 48. Rfg6 Rf8 49. Rf6 Rg8 1/2-1/2

[Event "Niedersachsen-ch"]
[Site "Verden"]
[Date "2004.01.03"]
[Round "3.8"]
[White "Doerge, Sven"]
[Black "Kiesel, Harald"]
[Result "1/2-1/2"]
[WhiteElo "1905"]
[BlackElo "2138"]
[PlyCount "43"]
[EventDate "2004.01.02"]
[EventType "swiss"]
[EventRounds "7"]
[EventCountry "GER"]
[SourceTitle "EXT 2005"]
[Source "ChessBase"]
[SourceDate "2004.11.15"]
[SourceVersion "1"]
[SourceVersionDate "2004.11.15"]
[SourceQuality "1"]

1. e4 e6 2. d4 d5 3. Nd2 c5 4. dxc5 Bxc5 5. Qg4 Nf6 6. Bb5+ Bd7 7. Bxd7+ Nbxd7 8. Qe2 Nxe4 9. Nxe4 dxe4 10. Qxe4 Qb6 11. Nh3 0-0 12. 0-0 Nf6 13. Qe2 Rfd8 14. c3 Rd7 15. Bg5 Be7 16. Rad1 Rad8 17. Rxd7 Rxd7 18. Be3 Qd8 19. Nf4 a6 20. Bd4 h6 21. Re1 Bd6 22. Nd3 1/2-1/2

[Event "Wilhelm Werner Memorial-H 26th"]
[Site "Bockenem"]
[Date "2001.05.29"]
[Round "7"]
[White "Doerge, Sven"]
[Black "Tonndorf, Matthias"]
[Result "1-0"]
[WhiteElo "1874"]
[BlackElo "1884"]
[PlyCount "57"]
[EventDate "2001.05.??"]
[EventType "swiss"]
[EventRounds "7"]
[EventCountry "GER"]
[SourceTitle "EXT 2008"]
[Source "ChessBase"]
[SourceDate "2007.11.25"]
[SourceVersion "1"]
[SourceVersionDate "2007.11.25"]
[SourceQuality "1"]

1. e4 c5 2. Nf3 d6 3. d4 cxd4 4. Nxd4 Nf6 5. Nc3 a6 6. a4 e6 7. Be3 Be7 8. Be2 Nc6 9. 0-0 0-0 10. f4 Qc7 11. Bf3 Bd7 12. g4 Nxd4 13. Bxd4 Bc6 14. f5 e5 15. Be3 Rac8 16. g5 Nd7 17. Qe1 Nb6 18. Qg3 Nc4 19. Bc1 f6 20. g6 Nxb2 21. gxh7+ Kxh7 22. Qh3+ Kg8 23. Kh1 Nc4 24. Rg1 Be8 25. Bh6 Rf7 26. Rg6 Qa5 27. Bxg7 Rxg7 28. Rxg7+ Kxg7 29. Rg1+ 1-0

[Event "Wilhelm Werner Memorial-H 26th"]
[Site "Bockenem"]
[Date "2001.05.24"]
[Round "3"]
[White "Doerge, Sven"]
[Black "Soellig, Martin"]
[Result "1-0"]
[WhiteElo "1874"]
[BlackElo "1969"]
[PlyCount "99"]
[EventDate "2001.05.??"]
[EventType "swiss"]
[EventRounds "7"]
[EventCountry "GER"]
[SourceTitle "EXT 2008"]
[Source "ChessBase"]
[SourceDate "2007.11.25"]
[SourceVersion "1"]
[SourceVersionDate "2007.11.25"]
[SourceQuality "1"]

1. e4 e6 2. b3 d5 3. e5 c5 4. Nc3 Nc6 5. f4 f6 6. Nf3 d4 7. Ne2 fxe5 8. fxe5 Qc7 9. Nf4 Nxe5 10. Bb5+ Nc6 11. Nd3 Nf6 12. 0-0 Bd6 13. b4 cxb4 14. Nxd4 0-0 15. Bb2 Nxd4 16. Bxd4 e5 17. Be3 Bg4 18. Qb1 e4 19. Qb3+ Kh8 20. Nf4 Nh5 21. Nxh5 Bxh5 22. h3 Bf7 23. Qb2 Be6 24. Rxf8+ Rxf8 25. Rf1 Rxf1+ 26. Bxf1 a5 27. Qd4 Bxa2 28. Qxe4 Bf7 29. Bd3 Bg8 30. Kh1 Qc6 31. Qg4 Be5 32. Qf5 Qf6 33. Qc8 Qc6 34. Qf5 Bc7 35. h4 Qd6 36. Kg1 Qh2+ 37. Kf1 Qxh4 38. Qc8 Qf6+ 39. Ke2 Qc6 40. g4 Bd6 41. Qf5 Qd5 42. Qd7 Be5 43. Qc8 a4 44. g5 a3 45. g6 h6 46. Qh3 Be6 47. Bf5 Bxf5 48. Qxf5 a2 49. Bxh6 gxh6 50. Qf8+ 1-0